|
|
|
|
| LEADER |
00000nam0a2200000 4500 |
| 001 |
308551 |
| 005 |
20231102002114.0 |
| 035 |
|
|
|a (RuTPU)RU\TPU\book\333871
|
| 035 |
|
|
|a RU\TPU\book\279165
|
| 090 |
|
|
|a 308551
|
| 100 |
|
|
|a 20151103d1982 k y0rusy50 ca
|
| 101 |
0 |
|
|a rus
|
| 102 |
|
|
|a RU
|
| 105 |
|
|
|a y z 001zy
|
| 200 |
1 |
|
|a Эволюция фонологических систем: на материале германских языков
|f В. Я Плоткин
|g Академия наук СССР (АН СССР), Институт языкознания (ИЯ)
|
| 210 |
|
|
|a Москва
|c Наука
|d 1982
|
| 215 |
|
|
|a 130 с.
|
| 320 |
|
|
|a Библиогр.: с. 123-128
|
| 606 |
1 |
|
|a Германские языки
|2 stltpush
|3 (RuTPU)RU\TPU\subj\6345
|9 34256
|
| 610 |
1 |
|
|a фонология
|
| 610 |
1 |
|
|a фонологические модели
|
| 610 |
1 |
|
|a фонологические системы
|
| 610 |
1 |
|
|a Германия
|
| 610 |
1 |
|
|a Восточная Германия
|
| 610 |
1 |
|
|a Западная Германия
|
| 610 |
1 |
|
|a Скандинавия
|
| 686 |
|
|
|a Ш143
|v LBC/SL-A
|2 rubbk
|
| 700 |
|
1 |
|a Плоткин
|b В. Я
|g Вульф Яковлевич
|
| 712 |
0 |
2 |
|a Академия наук СССР (АН СССР)
|b Институт языкознания (ИЯ)
|c (Москва)
|2 stltpush
|3 (RuTPU)RU\TPU\col\11714
|
| 801 |
|
1 |
|a RU
|b 63413507
|c 20140409
|
| 801 |
|
2 |
|a RU
|b 63413507
|c 20171016
|g RCR
|
| 942 |
|
|
|c BK
|